00939 2200421 4500001002100000008004100021035002000062245007000082100001700152250000600169260003000175084001400205082000800219650001400227990001200241990001200253990001200265990001200277990001200289990001200301990001200313990001200325990001200337990001200349990001200361990001200373990001200385990001200397990001200409990001200421990001200433990001200445990001200457990001200469990001200481990001200493990001200505INLIS000000000001195 ind  a0010-0524000430 aLook A Head An English Course For Student Years XIIcM. Sudarwati aM. Sudarwati a1 aJakarta :bErlanggac2006 a420 SUD l a420 aNon Fiksi a0713650 a0713651 a0713652 a0713653 a0713654 a0713655 a0713656 a0713657 a0713658 a0713659 a0713660 a0713661 a0713662 a0713663 a0713664 a0713665 a0713666 a0713667 a0713668 a0713669 a0713670 a0713671 a0713672